000 00678 a2200205 4500
003 Nust
005 20201117143035.0
038 _aMalik Tanveer
040 _cNust
082 _a621.382
100 _aIqbal, Muhammad Zafar (MSEE-15)
_935349
245 _aFace Recognition in Video /
_cMuhammad Zafar Iqbal
260 _aRawalpindi
_cJuly 2013
_bMCS,NUST
300 _ax,69, p;
505 _aIntroduction (page-1) Preliminaries (page-9) System model and proposed schemes (page-25) Result and analysis (page-54) Conclusion and future work (page-59)
538 _aAlmirah No. 69 Shelf No. 3
650 _aPG Thesis
_935000
651 _aMSEE-15
_935350
942 _cTHE
_2ddc
999 _c198686
_d198686